000 01246nam a2200361 i 4500
001 020809717
003 EG-ScBUE
005 20230216054855.0
008 221110t2022 nyua f b 001 0 eng d
020 _a9781265917050 (pbk.)
020 _a1265917051
040 _aStDuBDS
_beng
_erda
_cStDuBDS
_dEG-ScBUE
082 0 4 _a791.43015
_222
_bPET
100 1 _aPetrie, Dennis W.,
_eauthor.
245 1 4 _aThe art of watching films /
_cDennis W. Petrie, Trine University, Joseph M. Boggs, Late of Western Kentucky University.
250 _aTenth edition.
250 _aInternational student edition.
264 1 _aNew York, NY :
_bMcGraw Hill,
_c[2022]
264 4 _c©2022
300 _a1 volume (various pagings) :
_billustrations (black and white, and colour) ;
_c24 cm
336 _atext
_2rdacontent
_btxt
336 _astill image
_2rdacontent
_btxt
337 _acomputer
_2rdamedia
_bn
338 _aonline resource
_2rdacarrier
_bnc
504 _aIncludes bibliographical references and index.
650 7 _aFilm criticism.
_2BUEsh
653 _bART
_cFebruary2023
655 _vReading book
700 1 _aBoggs, Joseph M.,
_eauthor.
776 0 8 _iPrint version :
_z9781265917050
942 _2ddc
_cBB
999 _c30164
_d30135